000 00933cam a2200277 i 4500
001 2310497
003 NUST-PNEC
005 20170116180743.0
008 801007s1980 enk b 001 0 eng
010 _a 80501341
015 _aGB***
020 _a0233972226 :
040 _cPNEC
050 0 0 _aZ675.U5
_bH63 1980
082 0 0 _a027.7 HIG
_219
100 1 _aHigham, Norman.
245 1 4 _aThe library in the University : observations on a service /
_cNorman Higham.
260 _aLondon :
_bA. Deutsch,
_c1980.
300 _a205 p. ;
_c23 cm.
490 0 _aA Grafton book
504 _aIncludes bibliographical references and index.
650 0 _aAcademic libraries
_xAdministration.
856 _uhttp://www.amazon.com/Library-University-Grafton-Norman-Higham/dp/0233972226/ref=sr_1_1?s=books&ie=UTF8&qid=1420531017&sr=1-1&keywords=0233972226
906 _a7
_bcbc
_corignew
_d4
_encip
_f19
_gy-gencatlg
942 _2ddc
_cBK
999 _c62255
_d62255